Manual de derecho procesal penal

Na minha lista:
Detalhes bibliográficos
Main Authors: Medina Jara, Rodrigo (autor), Morales Palacios, Luis (Author), Dorn Garrido, Carlos (Author)
Formato: Livro
Idioma:espanhol
Publicado em: Santiago LexisNexis 2007
Edição:2a. ed
Assuntos:
Tags: Adicionar Tag
Sem tags, seja o primeiro a adicionar uma tag!

MARC

LEADER 00000nam a2200000 a 4500
001 UCI8802
003 CL-VaPUC
008 081002e20070000CL |||||||||||||||||spa|d
020 |a 956238571X 
082 0 4 |a 345.8305  |b MED  |2 21 
100 |a Medina Jara, Rodrigo  |e autor  |9 554021 
700 0 |a Morales Palacios, Luis  |e author  |9 532407 
700 0 |a Dorn Garrido, Carlos  |e author  |9 532408 
245 1 0 |a Manual de derecho procesal penal 
250 |a 2a. ed 
300 |a 317 p 
942 |c BK 
945 |d 20081002 00:00:00  |a jtorresc 
260 |a Santiago  |b LexisNexis  |c 2007 
650 0 |a Derecho procesal penal   |9 256392 
650 0 |a Procedimiento penal  |9 254974 
650 7 |a SUMARIO  |2 CL-VaPUC  |9 368476 
650 7 |a SOBRESEIMIENTO  |2 CL-VaPUC  |9 254976 
650 7 |a PLENARIO  |2 CL-VaPUC  |9 379649 
650 0 |a Recursos procesales  |9 255595 
651 7 |a CHILE  |2 CL-VaPUC  |9 532409 
583 |a last modification  |c 20081002 00:00:00  |k Rodrigo Vera 
999 |c 331573  |d 331571 
952 |0 0  |1 0  |4 0  |6 345_830500000000000_MED_2007  |7 0  |8 A  |9 418334  |a BIBDER  |b BIBDER  |d 2019-11-22  |i 4485130  |l 1  |m 6  |o 345.8305 MED 2007  |p 4485130  |q 2025-12-31  |r 2020-03-04  |s 2020-03-04  |w 2019-11-22  |y BK  |k DER 
952 |0 0  |1 0  |4 0  |6 345_830500000000000_MED_2007  |7 0  |8 A  |9 418335  |a BIBDER  |b BIBDER  |d 2019-11-22  |i 4485149  |l 15  |o 345.8305 MED 2007  |p 4485149  |r 2023-09-06  |s 2023-09-06  |w 2019-11-22  |y BK  |k DER